000 00784nam a22001935i 4500
001 153444
003 ES-MaACL
005 20230906205228.0
008 940206s1720 it a |||| | lat d
040 _aCAV
_bspa
100 1 _aDesirant, Bernard
_c(O.E.S.A.)
_9222039
245 1 0 _aConsilium pietatis de non sequendis errantibus, sed corrigendis... /
_cper P.M.F. Bernardum Desirant Ord. Erem. S.P. Augustini... ; tomus tertius.
260 _aRomae :
_bapud Io: Maria Salvioni...,
_c1720.
300 _aVI, [2] en bl., 228 p. ;
_c4\so\p.
700 1 1 _aSalvioni, Giovanni Maria,
_eimp.
_9132355
752 _aItalia -
_d, Roma
852 _aES-MaACL
_jR-3367(3)
_z-- Enc. perg.
_x-- Edic.: este ejemp. tambiƩn tiene en prelim. VI, [2] en bl. y sign. a\p4\s
999 _c153444
_d153444